<?xml version="1.0" encoding="UTF-8"?>
<record
    xmlns:xsi="http://www.w3.org/2001/XMLSchema-instance"
    xsi:schemaLocation="http://www.loc.gov/MARC21/slim http://www.loc.gov/standards/marcxml/schema/MARC21slim.xsd"
    xmlns="http://www.loc.gov/MARC21/slim">

  <leader>00962nam a2200241 a 4500</leader>
  <controlfield tag="001">2709</controlfield>
  <controlfield tag="003">OSt</controlfield>
  <controlfield tag="005">20131015133011.0</controlfield>
  <controlfield tag="008">130130s2009||||sp |||||||||||||||||spa|d</controlfield>
  <datafield tag="020" ind1=" " ind2=" ">
    <subfield code="a">9788481084399</subfield>
  </datafield>
  <datafield tag="040" ind1=" " ind2=" ">
    <subfield code="a">CDMR</subfield>
    <subfield code="b">cat</subfield>
    <subfield code="c">CDMR</subfield>
  </datafield>
  <datafield tag="245" ind1=" " ind2="3">
    <subfield code="a">El ocaso del periodismo tradicional</subfield>
    <subfield code="b">: I Aula de Ciencias de la Informaci&#xF3;n (2008)</subfield>
  </datafield>
  <datafield tag="260" ind1=" " ind2=" ">
    <subfield code="a">Almer&#xED;a</subfield>
    <subfield code="b">Instituto de Estudios Almerienses</subfield>
    <subfield code="c">2009</subfield>
  </datafield>
  <datafield tag="300" ind1=" " ind2=" ">
    <subfield code="a">211 p.</subfield>
  </datafield>
  <datafield tag="490" ind1="0" ind2=" ">
    <subfield code="a">Instituto de Estudios Almerienses. Ciencias Sociales</subfield>
    <subfield code="v">12</subfield>
  </datafield>
  <datafield tag="500" ind1=" " ind2=" ">
    <subfield code="a">Recopil&#xB7;laci&#xF3; de les aportacions a les jornades celebrades els dies 6,7,14 y 15 d'octubre i 25 de novembre de 2008 a Almer&#xED;a</subfield>
  </datafield>
  <datafield tag="650" ind1="0" ind2="4">
    <subfield code="9">3445</subfield>
    <subfield code="a">Periodisme</subfield>
    <subfield code="x">Congressos</subfield>
    <subfield code="z">Almeria</subfield>
  </datafield>
  <datafield tag="650" ind1="0" ind2="4">
    <subfield code="9">2803</subfield>
    <subfield code="a">Mitjans de comunicaci&#xF3; de massa locals</subfield>
    <subfield code="z">Almeria</subfield>
  </datafield>
  <datafield tag="700" ind1="1" ind2=" ">
    <subfield code="9">3776</subfield>
    <subfield code="a">Blanco Mart&#xED;n, Miguel &#xC1;ngel</subfield>
    <subfield code="e">coor.</subfield>
  </datafield>
  <datafield tag="700" ind1="1" ind2=" ">
    <subfield code="9">3777</subfield>
    <subfield code="a">Rom&#xE1;n Garc&#xED;a, Jos&#xE9; Manuel</subfield>
    <subfield code="e">coor.</subfield>
  </datafield>
  <datafield tag="710" ind1="2" ind2=" ">
    <subfield code="9">2091</subfield>
    <subfield code="a">Asociaci&#xF3;n de la Prensa de Almer&#xED;a</subfield>
  </datafield>
  <datafield tag="942" ind1=" " ind2=" ">
    <subfield code="c">MON</subfield>
    <subfield code="2">udc</subfield>
  </datafield>
  <datafield tag="999" ind1=" " ind2=" ">
    <subfield code="c">2709</subfield>
    <subfield code="d">2709</subfield>
  </datafield>
  <datafield tag="952" ind1=" " ind2=" ">
    <subfield code="0">0</subfield>
    <subfield code="1">0</subfield>
    <subfield code="4">0</subfield>
    <subfield code="7">0</subfield>
    <subfield code="a">CDMR</subfield>
    <subfield code="b">CDMR</subfield>
    <subfield code="d">2013-01-16</subfield>
    <subfield code="l">0</subfield>
    <subfield code="o">Bc</subfield>
    <subfield code="p">CDMR13066698</subfield>
    <subfield code="r">2013-06-14</subfield>
    <subfield code="w">2013-06-14</subfield>
    <subfield code="y">MON</subfield>
  </datafield>
</record>
